[Event "The 2008 Scotland the Brave Stromash"]
[Site "SchemingMind.com"]
[Date "2008.05.17"]
[Round "-"]
[White "bholenath"]
[Black "keen"]
[Result "0-1"]
[WhiteCountry "SCO"]
[BlackCountry "SCO"]
[WhiteElo "1478"]
[WhiteRD "93"]
[BlackElo "1786"]
[BlackRD "56"]
[GameID "155267"]

1. d4 d5 2. Nf3 e6 3. c3 c5 4. Be3 c4 5. g3 Nf6 6. b3 cxb3 7. axb3 Nc6 8. b4 Bd6 9. Qa4 O-O 10. Bg5 Bd7
11. Qc2 h6 12. Bh4 Rc8 13. Na3 Nxb4 14. Qb2 Nc6 15. Bg2 b6 16. Nb5 Bb8 17. O-O Na5 18. Nd2 Bxb5 19. Qxb5 g5 20. Nf3 gxh4
21. Nxh4 Rxc3 22. Rab1 Rc4 23. e3 Bd6 24. Qb2 Qd7 25. Rbc1 Rfc8 26. Qd2 Nb3 27. Qe2 Rxc1 28. Qf3 Nd2 29. Qxf6 Qb5 30. h3 Rxf1+
31. Kh2 Bxg3+ 32. Kxg3 Ne4+ 33. Bxe4 dxe4 34. Qxh6 Rc2 35. Qf4 Rfxf2 36. Qxf2 Rxf2 37. Kxf2 a5 38. Ng2 Qb2+ 39. Kg3 Qxg2+ 40. Kxg2 a4
0-1

[Event "The 2008 Scotland the Brave Stromash"]
[Site "SchemingMind.com"]
[Date "2008.05.17"]
[Round "-"]
[White "bholenath"]
[Black "cnile"]
[Result "0-1"]
[WhiteCountry "SCO"]
[BlackCountry "SCO"]
[WhiteElo "1444"]
[WhiteRD "97"]
[BlackElo "1572"]
[BlackRD "71"]
[GameID "155268"]

1. g3 Nf6 2. f3 e5 3. d3 Bc5 4. Nh3 d5 5. Bg2 Nc6 6. Nd2 O-O 7. Nb3 Bb6 8. Bg5 h6 9. Bxf6 Qxf6 10. a4 Be3
11. Nf2 Be6 12. Nc5 Bxc5 13. O-O Rad8 14. Qd2 Rfe8 15. c3 d4 16. Kh1 Bf5 17. c4 Nb4 18. b3 Nc6 19. Rab1 Bb4 20. Qc1 Qg6
21. e3 dxe3 22. Qxe3 Nd4 23. Qc1 Ne2 24. Qe3 Nd4 25. g4 Be6 26. h3 Bc5 27. Qxe5 b6 28. Qxc7 Ne2 29. Rfe1 Ng3+ 30. Kg1 a5
31. Qxg3 Rxd3 32. Kh1 Bb4 33. Nxd3 Qxd3 34. Red1 Qg6 35. Rd6 Qxb1+ 36. Kh2 Bxd6 37. Qxd6 Qxb3 38. Qc6 Rc8 39. Qd6 Rxc4 40. Qg3 Qxa4
41. h4 b5 42. g5 Rxh4+ 43. Kg1 hxg5 44. f4 Qxf4
0-1

[Event "The 2008 Scotland the Brave Stromash"]
[Site "SchemingMind.com"]
[Date "2008.05.17"]
[Round "-"]
[White "bholenath"]
[Black "tiggeronvrb"]
[Result "0-1"]
[WhiteCountry "SCO"]
[BlackCountry "SCO"]
[WhiteElo "1468"]
[WhiteRD "96"]
[BlackElo "1856"]
[BlackRD "67"]
[GameID "155269"]

1. g3 e5 2. d3 d5 3. Bg2 Nf6 4. Bg5 Be7 5. Bxf6 Bxf6 6. c3 c5 7. Nf3 Nc6 8. O-O O-O 9. Qc2 Bg4 10. Nbd2 Rc8
11. Rae1 Re8 12. Nb3 b6 13. a4 d4 14. h3 Bh5 15. Nbd2 Be7 16. Ne4 f5 17. Qb3+ Bf7 18. Qc2 fxe4 19. dxe4 Rf8 20. Rd1 Bh5
21. e3 Bxf3 22. Qb3+ Kh8 23. cxd4 Bxg2 24. Kxg2 exd4 25. f4 Qd6 26. Qd3 Rcd8 27. Qe2 Qg6 28. f5 Qg5 29. Rf4 dxe3 30. Rg4 Rxd1
31. Rxg5 Rd2 32. Kf3 Rxe2 33. Rg4 Nd4+ 34. Kf4 Bd6+ 35. e5 Rxf5+ 36. Ke4 Rxe5+ 37. Kd3 Rxb2 38. Rf4 e2 39. Rf7 Rb3+
0-1

[Event "The 2008 Scotland the Brave Stromash"]
[Site "SchemingMind.com"]
[Date "2008.05.19"]
[Round "-"]
[White "bholenath"]
[Black "manteca"]
[Result "0-1"]
[WhiteCountry "SCO"]
[BlackCountry "MEX"]
[WhiteElo "1478"]
[WhiteRD "93"]
[BlackElo "1584"]
[BlackRD "87"]
[GameID "155270"]

1. g3 d5 2. d4 Nc6 3. c3 Nf6 4. Bg2 Bf5 5. Nd2 e5 6. a4 a5 7. Ngf3 Bd6 8. e3 e4 9. Ng1 Qd7 10. Nb3 O-O
11. h4 Bg4 12. Qc2 Ne7 13. Ne2 b6 14. c4 dxc4 15. Qxc4 Ng6 16. h5 Bxh5 17. O-O Bg4 18. Nc3 Bh3 19. Nxe4 Nxe4 20. Bxe4 Rae8
21. Bxg6 Qg4 22. Nd2 Bxf1 23. Bxf7+ Rxf7 24. Nxf1 Qf3 25. Bd2 Qxf2+ 26. Kh1 Kh8 27. Qc6 Re6 28. Re1 Rh6+
0-1

[Event "The 2008 Scotland the Brave Stromash"]
[Site "SchemingMind.com"]
[Date "2008.05.17"]
[Round "-"]
[White "bholenath"]
[Black "SLAINTIE MHATH"]
[Result "0-1"]
[WhiteCountry "SCO"]
[BlackCountry "POL"]
[WhiteElo "1467"]
[WhiteRD "110"]
[BlackElo "1590"]
[BlackRD "59"]
[GameID "155272"]

1. b3 d5 2. Bb2 Bg4 3. h3 Bh5 4. g4 Bg6 5. f3 e5 6. Bxe5 f6 7. Bd4 Bb4 8. a3 Bd6 9. Nc3 c6 10. b4 f5
11. Bxg7 Qh4#
0-1

[Event "The 2008 Scotland the Brave Stromash"]
[Site "SchemingMind.com"]
[Date "2008.05.21"]
[Round "-"]
[White "bholenath"]
[Black "Swalastova"]
[Result "1-0"]
[WhiteCountry "SCO"]
[BlackCountry "SCO"]
[WhiteElo "1450"]
[WhiteRD "94"]
[BlackElo "1655"]
[BlackRD "85"]
[GameID "155273"]

1. b3 e5 2. e4 Nc6 3. Nf3 d5 4. Bb2 d4 5. Bb5 Bd6 6. O-O Nf6 7. Bxc6+ bxc6 8. d3 O-O 9. h3 Bd7 10. Nbd2 c5
11. Nc4 Qc8 12. c3 Re8 13. cxd4 cxd4 14. a4 Rb8 15. Nfd2 Qb7 16. Na5 Qc8 17. Rc1 Bb4 18. Nf3 Bxa5 19. Rc5 Bc3 20. Bxc3 dxc3
21. Rxc3 a5 22. Rc5 h6 23. Rxa5 Ra8 24. Rxe5 Rxe5 25. Nxe5 c6 26. f3 Rb8 27. Qd2 Rxb3 28. Rc1 Qc7 29. Kh2 Qxe5+ 30. Kh1 Qc7
31. a5 Ra3 32. Rc5 Ra1+ 33. Rc1 Rxc1+ 34. Qxc1 Qxa5 35. g4 Qa3 36. Qxa3
1-0

[Event "The 2008 Scotland the Brave Stromash"]
[Site "SchemingMind.com"]
[Date "2008.05.17"]
[Round "-"]
[White "bholenath"]
[Black "JOZIN Z BAZIN"]
[Result "1-0"]
[WhiteCountry "SCO"]
[BlackCountry "POL"]
[WhiteElo "1478"]
[WhiteRD "93"]
[BlackElo "1463"]
[BlackRD "61"]
[GameID "155274"]

1. g3 e5 2. d3 d5 3. f3 Bb4+ 4. c3 Bd6 5. Bd2 Nc6 6. Bg2 Be6 7. e3 Qe7 8. Qb3 Rb8 9. Na3 a6 10. f4 d4
11. Qc2 dxe3 12. Bxe3 exf4 13. Bxf4 Bd5+ 14. Ne2 Bxg2 15. Rg1
1-0

[Event "The 2008 Scotland the Brave Stromash"]
[Site "SchemingMind.com"]
[Date "2008.05.17"]
[Round "-"]
[White "keen"]
[Black "bholenath"]
[Result "1-0"]
[WhiteCountry "SCO"]
[BlackCountry "SCO"]
[WhiteElo "1786"]
[WhiteRD "56"]
[BlackElo "1478"]
[BlackRD "93"]
[GameID "155275"]

1. d4 d5 2. e3 Nc6 3. Nd2 g5 4. Bd3 Be6 5. Ngf3 f6 6. c3 a6 7. Qc2 Qd7 8. O-O O-O-O 9. Nb3 Bg4 10. Nfd2 Nh6
11. Nc5 Qe8 12. h3 Bxh3 13. gxh3 Qh5 14. Bf5+ Nxf5 15. Qxf5+ Kb8 16. Kh2 Rg8 17. f3 Qf7 18. b4 Rd6 19. Rg1 e6 20. Qd3 e5
21. b5 Na5 22. bxa6 b6 23. Qb5 Ka7 24. Rb1 h5 25. Ba3 Bh6 26. Na4 Qd7 27. Bxd6 Qxd6 28. Nc5 exd4+ 29. Kh1 dxe3 30. Ndb3 Nxb3
31. Nxb3 g4 32. Nd4 Re8 33. Qxe8 Kxa6 34. Qa8#
1-0

[Event "The 2008 Scotland the Brave Stromash"]
[Site "SchemingMind.com"]
[Date "2008.05.19"]
[Round "-"]
[White "cnile"]
[Black "bholenath"]
[Result "1/2-1/2"]
[WhiteCountry "SCO"]
[BlackCountry "SCO"]
[WhiteElo "1579"]
[WhiteRD "72"]
[BlackElo "1438"]
[BlackRD "98"]
[GameID "155276"]

1. e4 Nc6 2. d4 g6 3. Be3 d6 4. c4 Bg7 5. Be2 e6 6. Nf3 Nge7 7. Nc3 a6 8. O-O Qd7 9. d5 Ne5 10. Nxe5 Bxe5
11. Bh6 Rg8 12. Rc1 f6 13. dxe6 Qxe6 14. Nd5 Nxd5 15. exd5 Qe7 16. Re1 g5 17. Bh5+ Kd8 18. f4 gxf4 19. Bxf4 Bf5 20. Bxe5 fxe5
21. Qf3 Bg6 22. Bxg6 Rxg6 23. Qh5 Qg5 24. Qxg5+ Rxg5 25. Rc3 Kc8 26. Ree3 Kb8 27. Rg3 Rf5 28. Rg7 h5 29. Rh3 Ka7 30. Rh7 Raf8
31. Rf3 Rxf3 32. gxf3 Rxf3 33. Rxh5 Rd3 34. Rh4 Rd2 35. b3 Rxa2 36. Re4 Rb2 37. Re3 a5 38. h4 c6 39. dxc6 bxc6 40. Rh3 Re2
41. h5 Re4 42. h6 Rg4+ 43. Kf2 Rg8 44. h7 Rh8 45. Ke3 Kb6 46. Ke4 Kc5 47. Rh6 Rxh7 48. Rxh7 Kb4 49. Rb7+ Kc3 50. Rb6 d5+
51. cxd5 cxd5+ 52. Kxe5 d4 53. Ke4 d3 54. b4 d2 55. Rd6 axb4 56. Rc6+ Kb2 57. Rd6 Kc2 58. Rc6+ Kd1 59. Kd3 Ke1 60. Re6+ Kd1
61. Rb6 Kc1 62. Rc6+=
1/2-1/2

[Event "The 2008 Scotland the Brave Stromash"]
[Site "SchemingMind.com"]
[Date "2008.05.17"]
[Round "-"]
[White "tiggeronvrb"]
[Black "bholenath"]
[Result "1-0"]
[WhiteCountry "SCO"]
[BlackCountry "SCO"]
[WhiteElo "1856"]
[WhiteRD "67"]
[BlackElo "1468"]
[BlackRD "96"]
[GameID "155277"]

1. e4 Nc6 2. d4 g6 3. d5 Ne5 4. Nc3 a6 5. f4 Nc6 6. dxc6 bxc6 7. Nf3 Bg7 8. Bd3 Nf6 9. O-O Bb7 10. Be3 d6
11. Bd4 c5 12. Bxf6 Bxf6 13. e5 Bxf3 14. Qxf3 Bg7 15. Qc6+ Kf8 16. Bxa6 Kg8 17. Bc4 e6 18. Rad1 Qe8 19. Qxe8+ Rxe8 20. exd6 Bd4+
21. Kh1 cxd6 22. Nb5 Bxb2 23. Rxd6 Ra8 24. Rc6 Ba3 25. Nxa3 Rxa3 26. Rxc5 Kg7 27. Rd1 Rb8 28. g3 Rc3 29. Rb5 Rc8 30. Bb3 Re3
31. a4 Ra8 32. Rb7 h5 33. Kg1 e5 34. Kf2 exf4 35. Rxf7+ Kh6 36. Rxf4 Re5 37. Rf6 Rae8 38. Bc4 Re4 39. Bd3 Rxa4 40. Rxg6+ Kh7
41. Re6+
1-0

[Event "The 2008 Scotland the Brave Stromash"]
[Site "SchemingMind.com"]
[Date "2008.05.17"]
[Round "-"]
[White "manteca"]
[Black "bholenath"]
[Result "1-0"]
[WhiteCountry "MEX"]
[BlackCountry "SCO"]
[WhiteElo "1584"]
[WhiteRD "87"]
[BlackElo "1478"]
[BlackRD "93"]
[GameID "155278"]

1. e4 Nc6 2. Nf3 f6 3. Bc4 e6 4. d4 e5 5. d5 Na5 6. Qd3 d6 7. Bd2 Nxc4 8. Qxc4 Bd7 9. Nc3 a6 10. a4 Ne7
11. b4 Rc8 12. b5 axb5 13. axb5 b6 14. O-O Ng6 15. Ra7 Be7 16. Rfa1 Bg4 17. Ne1 Kf7 18. f3 Bd7 19. Rb7 Ra8 20. Rxa8 Qxa8
21. Qxc7 Nf8 22. Rb8 Qa1 23. Rxb6 Qa3 24. Ra6 Qb4 25. b6 h6 26. b7 Ng6 27. Ra8 Qd4+ 28. Kf1 Qxd2 29. Qxd7 Nf4 30. Rxh8 Qe2+
31. Nxe2
1-0

[Event "The 2008 Scotland the Brave Stromash"]
[Site "SchemingMind.com"]
[Date "2008.05.19"]
[Round "-"]
[White "opageo"]
[Black "bholenath"]
[Result "1-0"]
[WhiteCountry "SCO"]
[BlackCountry "SCO"]
[WhiteElo "2153"]
[WhiteRD "96"]
[BlackElo "1465"]
[BlackRD "114"]
[GameID "155279"]

1. d4 d5 2. f4 e6 3. Nf3 f6 4. e3 Bd7 5. Bd3 Nc6 6. c3 Qe7 7. O-O O-O-O 8. b4 Nh6 9. e4 Nb8 10. Nbd2 Qe8
11. Qe2 Bc6 12. b5 Qf7 13. bxc6 Nxc6 14. Rb1 Qh5 15. exd5 Qxd5 16. Bc4 Qh5 17. Qxe6+ Kb8 18. Qxc6 b6 19. Ne5 fxe5 20. Ba6
1-0

[Event "The 2008 Scotland the Brave Stromash"]
[Site "SchemingMind.com"]
[Date "2008.05.19"]
[Round "-"]
[White "SLAINTIE MHATH"]
[Black "bholenath"]
[Result "0-1"]
[WhiteCountry "POL"]
[BlackCountry "SCO"]
[WhiteElo "1484"]
[WhiteRD "64"]
[BlackElo "1478"]
[BlackRD "93"]
[GameID "155280"]

1. Nf3 f6 2. g3 d6 3. Bg2 e5 4. d3 Nc6 5. Nc3 Be6 6. Nd2 Qd7 7. a3 d5 8. e3 d4 9. Ne2 dxe3 10. fxe3 O-O-O
11. b4 h5
0-1

[Event "The 2008 Scotland the Brave Stromash"]
[Site "SchemingMind.com"]
[Date "2008.05.21"]
[Round "-"]
[White "Swalastova"]
[Black "bholenath"]
[Result "1-0"]
[WhiteCountry "SCO"]
[BlackCountry "SCO"]
[WhiteElo "1655"]
[WhiteRD "85"]
[BlackElo "1450"]
[BlackRD "94"]
[GameID "155281"]

1. e4 Nc6 2. d4 d6 3. Nf3 b6 4. Bb5 Bd7 5. Nc3 a6 6. Bxc6 Bxc6 7. O-O h6 8. Re1 Qd7 9. d5 Bb5 10. Nxb5 axb5
11. Nd4 Nf6 12. Qe2 g5 13. Nxb5 Ra5 14. c4 Ng4 15. h3 Ne5 16. Bd2 Ra4 17. b3 Ra8 18. Bc3 Bg7 19. a4 O-O 20. Bxe5 dxe5
21. b4 Ra6 22. Red1 Rc8 23. c5 Rb8 24. Nxc7 Qxc7 25. Qxa6 bxc5 26. Qc6 Qd8 27. Qxc5 Rc8 28. Qe3 Rc4 29. Rdb1 Bf8 30. a5 e6
31. b5 Bc5 32. Qe2 Rb4 33. Rxb4 Bxb4 34. a6 exd5 35. exd5 Bc5 36. Qxe5 Bd6 37. Qd4 f6 38. a7 Be5 39. a8=Q
1-0

[Event "The 2008 Scotland the Brave Stromash"]
[Site "SchemingMind.com"]
[Date "2008.05.19"]
[Round "-"]
[White "JOZIN Z BAZIN"]
[Black "bholenath"]
[Result "0-1"]
[WhiteCountry "POL"]
[BlackCountry "SCO"]
[WhiteElo "1463"]
[WhiteRD "61"]
[BlackElo "1478"]
[BlackRD "93"]
[GameID "155282"]

1. Nf3 f6 2. g3 d6 3. Bg2 e5 4. d3 Be6 5. Nc3 c6 6. O-O Ne7 7. e4 Qb6 8. d4 Bg4 9. dxe5 Bxf3 10. Qxf3 dxe5
11. a3 Nd7 12. Bh3 Rd8 13. Qh5+ g6 14. Qf3 Nc5 15. Be3 Ng8
0-1

[Event "The 2008 Scotland the Brave Stromash"]
[Site "SchemingMind.com"]
[Date "2008.06.04"]
[Round "-"]
[White "Zerstörer"]
[Black "bholenath"]
[Result "1-0"]
[WhiteCountry "ITA"]
[BlackCountry "SCO"]
[WhiteElo "1979"]
[WhiteRD "91"]
[BlackElo "1444"]
[BlackRD "97"]
[GameID "157374"]

1. e4 Nc6 2. Nf3 e5 3. d4 Bd6 4. Bc4 f6 5. a3 a6 6. Nc3 b5 7. Ba2 Nge7 8. O-O Bb7 9. Be3 Ng6 10. Qe2 Qe7
11. Nd5 Qf8 12. b4 O-O-O 13. Rfc1 f5 14. exf5 Qxf5 15. c4 Rde8 16. cxb5 Nxd4 17. Bxd4 exd4 18. Qc4 Bxd5 19. Qxd5 Qxd5 20. Bxd5 Nf4
21. Bc4 axb5 22. Bxb5 Be5 23. Re1 Ng6 24. Nxe5 Nxe5 25. Kf1 c6 26. Ba4 d3 27. Bb3 Re7 28. f4 Ng6 29. Rxe7 Nxe7 30. Re1 Nf5
31. Kf2 Nd4 32. Ba4 Rf8 33. g3 h6 34. Rd1 Nf5 35. Rxd3 Ne7 36. Bb3 g5 37. Rf3 g4 38. Rd3 h5 39. Rd2 Ng6 40. Bc2 Ne7
41. Re2 Nd5 42. Bg6 Rf6 43. Bxh5 Nc3 44. Re8+ Kc7 45. Bxg4 Nd5 46. Bf3 Nb6 47. Re1 Rd6 48. g4 Nc4 49. a4 Rd2+ 50. Re2 Rd3
51. f5 Ra3 52. f6 Rxa4 53. f7
1-0

[Event "The 2008 Scotland the Brave Stromash"]
[Site "SchemingMind.com"]
[Date "2008.06.01"]
[Round "-"]
[White "Zerstörer"]
[Black "keen"]
[Result "1-0"]
[WhiteCountry "ITA"]
[BlackCountry "SCO"]
[WhiteElo "1912"]
[WhiteRD "94"]
[BlackElo "1771"]
[BlackRD "55"]
[GameID "157375"]

1. e4 e6 2. d4 d5 3. Nc3 Nf6 4. Bg5 Be7 5. e5 Nfd7 6. Bxe7 Qxe7 7. f4 c5 8. Nb5 Qd8 9. Nd6+ Ke7 10. Qh5 g6
11. Qg5+ f6 12. Qh6 fxe5 13. dxe5 Qf8 14. Nxc8+ Kd8 15. Qxf8+ Rxf8 16. Nd6 Rxf4 17. Nf3 Nc6 18. O-O-O Kc7 19. Nb5+ Kb6 20. Nc3 Ndxe5
21. Nxe5 Nxe5 22. Re1 Rf5 23. g3 Re8 24. Bd3 Nxd3+ 25. cxd3 Rf3 26. Nxd5+ Kc6 27. Nf4 g5 28. Rxe6+ Kd7 29. Rhe1 Rxe6 30. Nxe6 Rxd3
31. Nxc5+
1-0

[Event "The 2008 Scotland the Brave Stromash"]
[Site "SchemingMind.com"]
[Date "2008.06.03"]
[Round "-"]
[White "Zerstörer"]
[Black "cnile"]
[Result "1-0"]
[WhiteCountry "ITA"]
[BlackCountry "SCO"]
[WhiteElo "1966"]
[WhiteRD "89"]
[BlackElo "1542"]
[BlackRD "68"]
[GameID "157376"]

1. e4 c5 2. Nf3 Nc6 3. d4 cxd4 4. Nxd4 Nf6 5. Nc3 e6 6. Ndb5 Bb4 7. a3 Bxc3+ 8. Nxc3 d5 9. exd5 exd5 10. Bd3 O-O
11. O-O h6 12. h3 Be6 13. Bf4 Qd7 14. Qf3 Rad8 15. Rfe1 Rfe8 16. Be5 Nxe5 17. Rxe5 a6 18. Rae1 Qd6 19. Bf5 Bxf5 20. Qxf5 d4
21. Rxe8+ Rxe8 22. Rxe8+ Nxe8 23. Ne4 Qc6 24. Qe5 Nf6 25. Nxf6+ Qxf6 26. Qxf6 gxf6 27. Kf1 Kg7 28. Ke2 Kg6 29. Kd3 Kf5 30. Kxd4 h5
31. b4 b5 32. c4 bxc4 33. Kxc4 Ke4 34. a4 f5 35. b5 axb5+ 36. axb5
1-0

[Event "The 2008 Scotland the Brave Stromash"]
[Site "SchemingMind.com"]
[Date "2008.06.02"]
[Round "-"]
[White "Zerstörer"]
[Black "tiggeronvrb"]
[Result "1-0"]
[WhiteCountry "ITA"]
[BlackCountry "SCO"]
[WhiteElo "1966"]
[WhiteRD "89"]
[BlackElo "1843"]
[BlackRD "63"]
[GameID "157377"]

1. e4 c6 2. d4 d5 3. Nc3 dxe4 4. Nxe4 Bf5 5. Ng3 Bg6 6. h4 h6 7. Nf3 Nd7 8. h5 Bh7 9. Bd3 Bxd3 10. Qxd3 Qc7
11. Bd2 Ngf6 12. O-O-O e6 13. Kb1 Bd6 14. Ne4 Nxe4 15. Qxe4 Nf6 16. Qd3 Nd5 17. c4 Nf6 18. Bc3 O-O-O 19. Qe2 Rhe8 20. Ne5 Re7
21. b3 Bxe5 22. dxe5 Rxd1+ 23. Rxd1 Nd7 24. Qg4 f5 25. exf6 gxf6 26. Qg8+ Qd8 27. Qxd8+ Kxd8 28. Bxf6 Ke8 29. Bxe7 Kxe7 30. Rd4 c5
31. Rg4 Kf7 32. Rf4+ Ke7 33. g4 Nf6 34. f3 b6 35. Kc2 e5 36. Rf5 Ke6 37. Kd3 a6 38. a3 a5 39. a4 Nd7 40. f4 exf4
41. Rxf4 Nf6 42. Ke3 Ke5 43. Rf5+ Ke6 44. Kf4 Nh7 45. Re5+ Kf7 46. Kf5 Nf8 47. Rd5 Ke7 48. g5 hxg5 49. Kxg5 Ne6+ 50. Kh6 Nf4
51. Rf5 Ne6 52. Re5 Kf6 53. Rxe6+
1-0

[Event "The 2008 Scotland the Brave Stromash"]
[Site "SchemingMind.com"]
[Date "2008.06.02"]
[Round "-"]
[White "Zerstörer"]
[Black "manteca"]
[Result "1-0"]
[WhiteCountry "ITA"]
[BlackCountry "MEX"]
[WhiteElo "2014"]
[WhiteRD "93"]
[BlackElo "1590"]
[BlackRD "79"]
[GameID "157378"]

1. e4 c5 2. Nf3 Nc6 3. d4 cxd4 4. Nxd4 Qb6 5. Nb3 e5 6. Be3 Qc7 7. Nc3 Bb4 8. Bd2 Nf6 9. Bd3 d6 10. a3 Bxc3
11. Bxc3 Be6 12. Nd2 Qb6 13. h3 O-O 14. Nf3 Nd4 15. O-O Nxf3+ 16. Qxf3 Rac8 17. Rab1 Bc4 18. Rfe1 Rfe8 19. Qe2 Bxd3 20. Qxd3 Qc6
21. Rbd1 Rcd8 22. Bd2 h6 23. Qc3 Qa4 24. Qb3 Qc6 25. f3 b6 26. Be3 Nh5 27. Rd2 Re6 28. Red1 Rg6 29. Rd3 Qd7 30. Kh2 Qe7
31. Qc3 Qh4 32. Qd2 Qg3+ 33. Kh1 Kh7 34. Rg1 Qh4 35. Bf2 Qf6 36. Rc3 Qe7 37. a4 Qd7 38. Ra3 Nf6 39. Bh4 Rc8 40. Bxf6 gxf6
41. c3 Rc5 42. Qc2 Qc6 43. Rga1 Rc4 44. Qf2 a5 45. Qc2 Qc5 46. Rd1 Rg8 47. Raa1 Rd8 48. Rd5 Qc7 49. Rad1 Rc5 50. Qd3 Rc6
51. Qb5 Rc5 52. Rxc5 Qxc5 53. Qe2 Rg8 54. Rd5 Qc6 55. Qb5 Rc8 56. Qd3 Rd8 57. b3 Kg7 58. Kg1 Kf8 59. Kf1 Ke7 60. Ke2 Rg8
61. Kf2 Ke6 62. c4 Rd8 63. Qe3 Rg8 64. Qxh6
1-0

[Event "The 2008 Scotland the Brave Stromash"]
[Site "SchemingMind.com"]
[Date "2008.06.01"]
[Round "-"]
[White "Zerstörer"]
[Black "opageo"]
[Result "0-1"]
[WhiteCountry "ITA"]
[BlackCountry "SCO"]
[WhiteElo "1979"]
[WhiteRD "91"]
[BlackElo "2189"]
[BlackRD "88"]
[GameID "157379"]

1. e4 c6 2. d4 d5 3. Nc3 dxe4 4. Nxe4 Bf5 5. Ng3 Bg6 6. h4 h6 7. Nf3 Nd7 8. h5 Bh7 9. Bd3 Bxd3 10. Qxd3 e6
11. Bf4 Qa5+ 12. Bd2 Qc7 13. O-O-O Ngf6 14. Kb1 Bd6 15. Ne4 Nxe4 16. Qxe4 Nf6 17. Qd3 O-O 18. c4 Rad8 19. Qe2 Rfe8 20. Bc3 b5
21. b3 bxc4 22. bxc4 Rb8+ 23. Ka1 Bb4 24. Bxb4 Rxb4 25. Rb1 Reb8 26. Ne5 Qb6 27. Rxb4 Qxb4 28. Qc2 Qd6 29. Rd1 c5 30. Nf3 Nxh5
31. a4 Rb4 32. dxc5 Qb8 33. Rb1 a5 34. c6 Nf4 35. Rxb4 Qxb4 36. c7 Qc5 37. c8=R+ Qxc8 38. g3 Qc5 39. Nd2 Ne2 40. Ne4 Qd4+
41. Kb1 Qxe4
0-1

[Event "The 2008 Scotland the Brave Stromash"]
[Site "SchemingMind.com"]
[Date "2008.06.06"]
[Round "-"]
[White "Zerstörer"]
[Black "SLAINTIE MHATH"]
[Result "1-0"]
[WhiteCountry "ITA"]
[BlackCountry "POL"]
[WhiteElo "1967"]
[WhiteRD "92"]
[BlackElo "1468"]
[BlackRD "70"]
[GameID "157380"]

1. e4 e5 2. Nf3 Nf6 3. Nxe5 d6 4. Nf3 Nxe4 5. Nc3 Nxc3 6. dxc3 Bg4 7. Bd3 Qe7+ 8. Be3 Nc6 9. h3 Bh5 10. g4 Bg6
11. Bxg6 hxg6 12. Qd5 O-O-O 13. O-O-O f6 14. Nd4 Nxd4 15. Bxd4 c6 16. Qg2 Qc7 17. c4
1-0

[Event "The 2008 Scotland the Brave Stromash"]
[Site "SchemingMind.com"]
[Date "2008.06.06"]
[Round "-"]
[White "Zerstörer"]
[Black "Swalastova"]
[Result "1-0"]
[WhiteCountry "ITA"]
[BlackCountry "SCO"]
[WhiteElo "2041"]
[WhiteRD "87"]
[BlackElo "1665"]
[BlackRD "89"]
[GameID "157381"]

1. e4 c5 2. Nf3 d6 3. d4 cxd4 4. Nxd4 Nf6 5. Nc3 e6 6. Be2 a6 7. O-O Be7 8. f4 O-O 9. a4 Qc7 10. Qe1 Re8
11. Kh1 Nc6 12. Nxc6 bxc6 13. Bf3 Rb8 14. Rb1 d5 15. e5 Nd7 16. Qg3 f5 17. h4 Nf8 18. h5 h6 19. Ne2 a5 20. Nd4 Ba6
21. Be2 Bxe2 22. Nxe2 Red8 23. Nd4 Rb7 24. Bd2 Rdb8 25. b3 Bc5 26. Bxa5 Qxa5 27. Nxc6 Qc7 28. Nxb8 Rxb8 29. c3 Qf7 30. Qf3 Qe7
31. g3 Ba7 32. b4 Qd7 33. b5 Bb6 34. Rfd1 Rd8 35. Rbc1 Qa7 36. Ra1 d4 37. cxd4 Rxd4 38. Rxd4 Bxd4 39. Ra2 Qa5 40. Qd1 Bb6
41. Qd2 Nd7 42. Qxd7 Qe1+ 43. Kh2 Qg1+ 44. Kh3 Qh1+ 45. Rh2 Qf1+ 46. Kh4 Qf3 47. Qxe6+ Kh8 48. Qc8+ Kh7 49. Qxf5+ Kh8 50. Qf8+ Kh7
51. Qd6 Bf2 52. Rxf2 Qxf2 53. Qd3+ Kg8 54. e6 Qb2 55. Kg4 Qf6 56. Qe2
1-0

[Event "The 2008 Scotland the Brave Stromash"]
[Site "SchemingMind.com"]
[Date "2008.06.01"]
[Round "-"]
[White "Zerstörer"]
[Black "JOZIN Z BAZIN"]
[Result "1-0"]
[WhiteCountry "ITA"]
[BlackCountry "POL"]
[WhiteElo "1966"]
[WhiteRD "89"]
[BlackElo "1463"]
[BlackRD "61"]
[GameID "157382"]

1. e4 g6 2. d4 d6 3. Nf3 Bg4 4. h3 Bxf3 5. Qxf3 Bg7 6. Bc4 e6 7. c3 c6 8. O-O Qf6 9. Qxf6 Bxf6 10. Re1 Nd7
11. d5
1-0

[Event "The 2008 Scotland the Brave Stromash"]
[Site "SchemingMind.com"]
[Date "2008.06.04"]
[Round "-"]
[White "bholenath"]
[Black "Zerstörer"]
[Result "0-1"]
[WhiteCountry "SCO"]
[BlackCountry "ITA"]
[WhiteElo "1444"]
[WhiteRD "97"]
[BlackElo "1979"]
[BlackRD "91"]
[GameID "157383"]

1. d4 Nf6 2. f3 d5 3. g4 e6 4. Qd3 h6 5. Bd2 Bd7 6. Nc3 c5 7. e3 Qb6 8. Rb1 Nc6 9. a3 cxd4 10. Na4 Qc7
11. exd4 Bd6 12. h3 O-O-O 13. b4 Bg3+ 14. Kd1 Nxd4 15. Qxd4 Bxa4 16. Bd3 Kb8 17. b5 Bxc2+ 18. Bxc2 Be5 19. Qa4 Nd7 20. Be3 d4
21. Bf2 Nb6 22. Qb4 Nd5 23. Qb3 Nc3+ 24. Ke1 Nxb1 25. Qxb1 Rc8 26. Bd3 Qc3+ 27. Kf1 Qxa3 28. Bc2 d3 29. Qb3 Qc1+ 30. Kg2 Qxc2
31. Qxc2 dxc2 32. Ne2 Rhd8 33. Be3 Rd1 34. f4 Rxh1 35. Kxh1 Bb2 36. Bc1 Bxc1 37. Nxc1 Rd8 38. Kg2 Rd1 39. Nb3 c1=Q 40. Nxc1 Rxc1
41. h4 a5 42. bxa6 bxa6 43. Kf3 a5
0-1

[Event "The 2008 Scotland the Brave Stromash"]
[Site "SchemingMind.com"]
[Date "2008.06.01"]
[Round "-"]
[White "keen"]
[Black "Zerstörer"]
[Result "0-1"]
[WhiteCountry "SCO"]
[BlackCountry "ITA"]
[WhiteElo "1771"]
[WhiteRD "55"]
[BlackElo "1912"]
[BlackRD "94"]
[GameID "157384"]

1. d4 Nf6 2. e3 d5 3. Bd3 Bg4 4. f3 Bh5 5. Nd2 e6 6. g4 Bg6 7. Qe2 Nc6 8. Nf1 a6 9. c3 Bd6 10. h4 Qe7
11. Bd2 b5 12. e4 h5 13. e5 Bxd3 14. Qxd3 Bxe5 15. dxe5 Nxe5 16. Qe3 Nc4 17. Qg5 g6 18. O-O-O hxg4 19. fxg4 Ne4 20. Qxe7+ Kxe7
21. Nf3 Nf2 22. Ng3 Nxd1 23. Rxd1 f6 24. h5 Nxd2 25. Rxd2 Rag8 26. Rh2 gxh5 27. g5 fxg5 28. Nxh5 g4 29. Ng1 Rg5 30. Kd2 Rgxh5
31. Rxh5 Rxh5 32. Ke3 Rh2 33. Ne2 g3 34. b4 Rxe2+ 35. Kxe2 Kd6 36. Kf3 c5 37. Kxg3 cxb4 38. cxb4 d4
0-1

[Event "The 2008 Scotland the Brave Stromash"]
[Site "SchemingMind.com"]
[Date "2008.06.03"]
[Round "-"]
[White "cnile"]
[Black "Zerstörer"]
[Result "0-1"]
[WhiteCountry "SCO"]
[BlackCountry "ITA"]
[WhiteElo "1542"]
[WhiteRD "68"]
[BlackElo "1966"]
[BlackRD "89"]
[GameID "157385"]

1. e4 e6 2. d4 d5 3. e5 c5 4. c3 Qb6 5. a3 Bd7 6. Nf3 Nc6 7. b4 cxd4 8. cxd4 Nge7 9. Be3 Nf5 10. Nc3 Nxe3
11. fxe3 Rc8 12. Na4 Qc7 13. Nc5 Bxc5 14. bxc5 b6 15. cxb6 Qxb6 16. Rb1 Qc7 17. Bd3 O-O 18. O-O h6 19. Qe2 Rb8 20. a4 Rfc8
21. Qa2 Nb4 22. Qe2 Nxd3 23. Qxd3 Bxa4 24. Ra1 Bb5 25. Qd2 Bxf1 26. Kxf1 Rb7 27. Ne1 Rcb8 28. Nd3 Qc4 29. Kf2 Rb3 30. Kf3 Rxd3
31. Qa5 Qxd4 32. Qc7 Qxe3+ 33. Kg4 Qg5#
0-1